Statistiken für Errate den Songtext ohne das Lied zu kennen #14

Klicken Sie hier um das Quiz zu spielen!

Allgemein

  • Dieses Quiz wurde 606 mal gespielt
  • Das Durchschnittsergebnis liegt bei 79 aus 210

Antwortstatistiken

Antwort% Korrekt
Ich
95%
ich,
95%
ich
95%
Du
93%
du
93%
Sie
82%
sie
82%
(wir
82%
Wir
82%
wir
82%
Er
78%
Das
77%
(das
77%
(die
76%
die
76%
Die
76%
es
74%
und
67%
(und
67%
ein
63%
ihr
63%
den
59%
sind
59%
sind?
59%
wer
49%
nicht)
48%
nicht
48%
Regenbogen
46%
in
45%
In
45%
uns
44%
Hast
42%
dich
36%
seh'n,
35%
seh'n
35%
schon
31%
immer
29%
kannst?
29%
kannst
29%
Welt
28%
Man
27%
dann
26%
nur
25%
woll'n
23%
zur
23%
Alles
22%
(alles
22%
auch
22%
gibt
22%
Komm,
22%
komm,
22%
nach
22%
geseh'n?
21%
lass
21%
um,
21%
jetzt
18%
Kind
18%
ganz
15%
sing'n
15%
sing'n)
15%
Zwei
15%
Regenbogenfarben
13%
bunt,
12%
Kinder,
12%
Hause
11%
bring'n
10%
bringt
10%
Dreh
10%
Schwarz-Weiß
10%
sieht
10%
Träume,
10%
egal,
9%
Eltern,
9%
leise
9%
normal)
9%
normal
9%
bemal'n
8%
Kita
8%
musst
8%
spiel
8%
tragen
8%
überall
8%
zeigen
8%
darfst?
7%
erreichen
7%
erstrahl'n
7%
gleichen
7%
Ring
7%
Brötchen
6%
Gefühle,
6%
Tellerrand
6%
Luftgitarre
5%
niemandem
5%
Stückchen
5%
übern
5%
ein'n
4%
Regenbogenfahnen
4%
schmiert
4%
weitergeh'n
4%

Verteilung der Resultate

Perzentil nach korrekt beantworteten Fragen

Anzahl Personen mit jedem Resultat

Ihre Resultats-Entwicklung

Sie haben dieses Quiz noch nicht gespielt